000 00702nam a2200205Ia 4500
003 GCL
008 140319s9999 xx 000 0 ara d
040 _aGCL /
_cGCL
082 0 4 _a330.121
_bع ا
100 1 _aعبدالحليم الجندى
245 1 0 _aالاخلاق فى الاقتصاد الاسلامى /
_cعبدالحليم الجندى
300 _a371 ص
490 _aالهيئة العامة للاستعلامات
_v0
650 0 4 _aالاقتصاد الاسلامى
650 0 4 _aالاسلام والاقتصاد
650 0 4 _aالبنوك الاسلامية
650 0 4 _aالاسلام - اخلاق
650 0 4 _aالاسلام, النظام المالى
942 _2ddc
_cBK
999 _c51798
_d51798